[Event "18th ECI tournament, Euwe memorial"]
[Site "Eeklo"]
[Date "1991.08.??"]
[Round "1"]
[White "Hallebeek, Fred"]
[Black "Dutreeuw, Marc"]
[Result "1/2-1/2"]
[WhiteElo "2370"]
[WhiteTitle "FM"]
[BlackElo "2410"]
[BlackTitle "FM"]
[Source "365chess.com"]

1. e4 e5 2. Nf3 Nc6 3. Bc4 Nf6 4. d4 exd4 5. O-O Nxe4 6. Re1 d5 7. Bxd5 Qxd5
8. Nc3 Qa5 9. Nxe4 Be6 10. Bd2 Qf5 11. Bg5 h6 12. Qd3 Qa5 13. Bd2 Qa6 14. c4
O-O-O 15. Rec1 g5 16. h3 Kb8 17. a3 Bf5 18. b4 Ne7 19. Qe2 Qe6 20. Ng3 Qxe2
21. Nxe2 Bg7 22. Ng3 Bg6 23. Re1 Rhe8 24. Ne5 Nc6 25. Nxg6 fxg6 26. f4 gxf4
27. Bxf4 g5 28. Nf5 Bf6 29. Bg3 h5 30. Rxe8 Rxe8 31. Rd1 Rd8 32. Rd3 Ne5
33. Bxe5 Bxe5 34. g4 h4 35. Kg2 b6 36. b5 c5 37. bxc6 Kc7 38. Kf3 Kxc6 39. Ke4
Re8 40. Nxd4+ Kc5 41. Nb3+ Kc6 42. Kf5 Bf4 43. Rd5 Re3 44. Nd4+ Kb7 45. Rd7+ Kc8
46. Rxa7 Rxh3 47. Ne6 Bc1 48. Nxg5 Rxa3 49. Rxa3 Bxa3 50. Nf3 h3 51. g5 Kc7
52. Kg4 Kc6 53. Kg3 Kc5 54. Ne5 Kd4 55. Nd7 Kxc4 1/2-1/2

[Event "18th ECI tournament, Euwe memorial"]
[Site "Eeklo"]
[Date "1991.08.??"]
[Round "1"]
[White "King, Daniel John"]
[Black "Berg, Klaus"]
[Result "1/2-1/2"]
[WhiteElo "2505"]
[WhiteTitle "GM"]
[BlackElo "2390"]
[BlackTitle "IM"]
[Source "365chess.com"]

1. d4 Nf6 2. c4 g6 3. Nc3 Bg7 4. e4 d6 5. f3 O-O 6. Be3 c5 7. Nge2 Nc6 8. d5
Ne5 9. Ng3 e6 10. Be2 exd5 11. cxd5 a6 12. O-O b5 13. b3 h5 14. Rc1 Nh7 15. f4
Ng4 16. Bxg4 Bxg4 17. Qd2 h4 18. Nh1 h3 19. Ng3 1/2-1/2

[Event "18th ECI tournament, Euwe memorial"]
[Site "Eeklo"]
[Date "1991.08.??"]
[Round "1"]
[White "Martens, Martin"]
[Black "Barkhagen, Jonas"]
[Result "1-0"]
[WhiteElo "2325"]
[BlackElo "2360"]
[Source "365chess.com"]

1. d3 d5 2. g3 c6 3. Bg2 Nf6 4. Nf3 Bg4 5. b3 Nbd7 6. Bb2 Bxf3 7. Bxf3 e5
8. Nd2 Bd6 9. O-O h5 10. e4 d4 11. c3 c5 12. a3 Nb8 13. cxd4 cxd4 14. Nc4 Nc6
15. b4 a6 16. Bc1 Be7 17. Rb1 b5 18. Nd2 Qd7 19. Nb3 h4 20. Bd2 Nd8 21. Rc1 Ne6
22. Qe2 Kf8 23. Bg2 g5 24. Rc2 Rh7 25. h3 Kg7 26. Rfc1 Rhh8 27. Na5 g4 28. hxg4
hxg3 29. fxg3 Nh7 30. Qf3 Bg5 31. Qf5 Bxd2 32. Rxd2 Rac8 33. Rf1 Qc7 34. Rc2 Qe7
35. Rxc8 Rxc8 36. Qxe5+ f6 37. Qd5 Rd8 38. Nc6 Rxd5 39. Nxe7 Rd7 40. Nd5 Neg5
41. Rc1 Nf7 42. Bf1 Ne5 43. Be2 Kf7 44. Rc8 Ng5 45. Kf2 Ne6 46. Ke1 Ra7 47. Nf4
a5 48. Rb8 axb4 49. axb4 Nc7 50. Rb6 Ke7 51. g5 fxg5 52. Ng6+ Nxg6 53. Rxg6 Ra4
54. Rxg5 Rxb4 55. Rg7+ Kd8 56. Bg4 Na6 57. e5 Rb1+ 58. Kd2 Nc5 59. e6 Rb2+
60. Kd1 Rh2 61. e7+ 1-0

[Event "18th ECI tournament, Euwe memorial"]
[Site "Eeklo"]
[Date "1991.08.??"]
[Round "2"]
[White "Barkhagen, Jonas"]
[Black "Hallebeek, Fred"]
[Result "1-0"]
[WhiteElo "2360"]
[BlackElo "2370"]
[BlackTitle "FM"]
[Source "365chess.com"]

1. d4 d5 2. c4 Nc6 3. Nf3 Bg4 4. cxd5 Bxf3 5. dxc6 Bxc6 6. Nc3 e6 7. e4 Nf6
8. f3 Be7 9. Be3 a6 10. Bd3 b6 11. Qc2 h6 12. O-O O-O 13. Rad1 Bb7 14. Qf2 Nd7
15. Qg3 Kh8 16. Qh3 e5 17. dxe5 Qe8 18. f4 Bc5 19. Nd5 Rc8 20. Be2 Bxe3+
21. Qxe3 Nc5 22. b4 Ne6 23. h4 Rg8 24. Bg4 Rd8 25. f5 Bxd5 26. exd5 Nf8 27. Bh5
Qe7 28. f6 gxf6 29. Rxf6 Nh7 30. Rf4 Rg7 31. Rd2 Rdg8 32. Rdf2 Qd7 33. Bxf7 Rg3
34. Qd4 R8g7 35. e6 Qe7 36. Bh5 Kg8 37. Rf7 Qd6 38. e7 1-0

[Event "18th ECI tournament, Euwe memorial"]
[Site "Eeklo"]
[Date "1991.08.??"]
[Round "2"]
[White "Berg, Klaus"]
[Black "Martens, Martin"]
[Result "1/2-1/2"]
[WhiteElo "2390"]
[WhiteTitle "IM"]
[BlackElo "2325"]
[Source "365chess.com"]

1. Nf3 c5 2. g3 b6 3. Bg2 Bb7 4. O-O Nf6 5. d3 e6 6. e4 d6 7. Nc3 a6 8. Ng5 Nc6
9. f4 h6 10. Nf3 Be7 11. h3 Qc7 12. Be3 b5 13. Qd2 Nd7 14. Ne2 Nb6 15. c3 a5
16. b3 d5 17. e5 b4 18. c4 d4 19. Bf2 O-O-O 1/2-1/2

[Event "18th ECI tournament, Euwe memorial"]
[Site "Eeklo"]
[Date "1991.08.??"]
[Round "2"]
[White "Dutreeuw, Marc"]
[Black "Van Laatum, Gozewijn"]
[Result "1-0"]
[WhiteElo "2410"]
[WhiteTitle "FM"]
[BlackElo "2390"]
[Source "365chess.com"]

1. e4 g6 2. d4 Bg7 3. Nf3 d6 4. Be2 Nf6 5. Nc3 O-O 6. O-O a6 7. a4 b6 8. Bc4 e6
9. Bf4 Bb7 10. Re1 Nxe4 11. Nxe4 Bxe4 12. Rxe4 d5 13. Bxd5 Qxd5 14. Qe2 Qb7
15. Be5 Nd7 16. Bxg7 Kxg7 17. c4 b5 18. d5 Nc5 19. Rh4 bxa4 20. Qe3 Qxb2 21. Re1
a3 22. Qxc5 a2 23. Qd4+ Qxd4 24. Rxd4 exd5 25. cxd5 Rfe8 26. Ra4 Rxe1+ 27. Nxe1
Kf6 28. f4 Kf5 29. Nc2 1-0

[Event "18th ECI tournament, Euwe memorial"]
[Site "Eeklo"]
[Date "1991.08.??"]
[Round "2"]
[White "Mikhalchishin, Adrian Bogdanovich"]
[Black "King, Daniel John"]
[Result "1/2-1/2"]
[WhiteElo "2520"]
[WhiteTitle "GM"]
[BlackElo "2505"]
[BlackTitle "GM"]
[Source "365chess.com"]

1. d4 Nf6 2. Nf3 e6 3. c4 Bb4+ 4. Nbd2 b6 5. e3 Bb7 6. Bd3 c5 7. a3 Bxd2+
8. Bxd2 d6 9. dxc5 bxc5 10. Bc3 Nbd7 11. Qc2 Qe7 12. O-O O-O 13. Ng5 h6 14. Nh7
Rfd8 15. Nxf6+ Nxf6 16. Rad1 a5 17. b3 Bc6 18. f4 d5 19. Bxf6 1/2-1/2

[Event "18th ECI tournament, Euwe memorial"]
[Site "Eeklo"]
[Date "1991.08.??"]
[Round "2"]
[White "Petrosian, Arshak Bagrati"]
[Black "Cardon, Helmut"]
[Result "1/2-1/2"]
[WhiteElo "2505"]
[WhiteTitle "GM"]
[BlackElo "2375"]
[BlackTitle "IM"]
[Source "365chess.com"]

1. d4 Nf6 2. c4 e6 3. Nc3 d5 4. Bg5 Nbd7 5. e3 c6 6. Nf3 Qa5 7. Nd2 Bb4 8. Qc2
O-O 9. Be2 e5 10. O-O exd4 11. Nb3 Qd8 12. Nxd4 Bxc3 13. bxc3 dxc4 14. Bxc4 Ne5
15. Be2 h6 16. Bh4 Ng6 17. Bg3 Qe7 18. h3 Ne4 19. Bh2 c5 20. Bd3 cxd4 21. Bxe4
dxe3 1/2-1/2

[Event "18th ECI tournament, Euwe memorial"]
[Site "Eeklo"]
[Date "1991.08.??"]
[Round "3"]
[White "Cardon, Helmut"]
[Black "Dutreeuw, Marc"]
[Result "1/2-1/2"]
[WhiteElo "2375"]
[WhiteTitle "IM"]
[BlackElo "2410"]
[BlackTitle "FM"]
[Source "365chess.com"]

1. d4 d5 2. c4 e6 3. Nc3 Be7 4. Nf3 Nf6 5. cxd5 exd5 6. Bg5 c6 7. e3 Bf5 8. Bd3
Bxd3 9. Qxd3 Nbd7 10. O-O O-O 11. Rab1 Ne4 12. Bxe7 Qxe7 13. b4 a6 14. Na4 b5
15. Nc5 Nexc5 16. bxc5 a5 17. Rfe1 f5 18. Nd2 Nf6 19. Nf3 Nd7 20. Nd2 a4 21. Re2
Rae8 22. a3 Qf7 23. Rbe1 Re6 24. Qc3 Rfe8 25. Qa5 h6 26. Nf3 R8e7 27. Qd8+ Kh7
28. Qa5 g5 29. Qc3 Qf6 30. Nd2 Qg6 31. Qd3 Kg7 32. f3 Nf6 33. Nf1 Nh5 34. Kf2
Kh7 35. Ng3 Nxg3 36. hxg3 Kg7 37. Qc3 Qf6 38. Qd2 Re8 39. Qd3 Qg6 40. Qc2 h5
41. Qd2 R8e7 42. Kg1 Kg8 43. e4 fxe4 44. fxe4 dxe4 45. d5 cxd5 46. Qxd5 Kh7
47. Rf1 Re5 48. Qd8 Qe8 49. Qd6 R7e6 50. Qc7+ Re7 51. Qd6 Qd7 52. Qf6 Qe6
53. Qf8 Qg8 54. Qf2 Qc4 55. Qf8 Qg8 1/2-1/2

[Event "18th ECI tournament, Euwe memorial"]
[Site "Eeklo"]
[Date "1991.08.??"]
[Round "3"]
[White "Hallebeek, Fred"]
[Black "Berg, Klaus"]
[Result "0-1"]
[WhiteElo "2370"]
[WhiteTitle "FM"]
[BlackElo "2390"]
[BlackTitle "IM"]
[Source "365chess.com"]

1. e4 c6 2. d4 d5 3. Nc3 dxe4 4. Nxe4 Bf5 5. Ng3 Bg6 6. h4 h6 7. Nf3 Nd7 8. h5
Bh7 9. Bd3 Bxd3 10. Qxd3 e6 11. Bf4 Ngf6 12. O-O-O Be7 13. Ne4 Nxe4 14. Qxe4 Nf6
15. Qe2 Qa5 16. Kb1 Nxh5 17. Be5 Nf6 18. g4 O-O-O 19. g5 hxg5 20. Rxh8 Rxh8
21. Nxg5 Rf8 22. f4 Qd8 23. c4 Qd7 24. Qc2 Ng4 25. Bxg7 Ne3 26. Qd2 Nxc4 27. Qd3
Rg8 28. Qh7 Qe8 29. Ne4 f5 30. Nf6 Bxf6 31. Bxf6 Rg2 32. Be5 Qd7 33. Qh8+ Qd8
34. Qh6 Nxe5 35. fxe5 Qd5 36. Qf8+ Kc7 37. Qe7+ Kb6 38. a4 Qe4+ 39. Ka1 Qc2
40. Qb4+ Ka6 41. Rb1 Rd2 42. Ka2 Qd3 43. Rh1 Qxd4 44. Qxd4 Rxd4 45. Rh6 Rxa4+
46. Kb3 Re4 47. Rxe6 f4 48. Rf6 Rxe5 49. Rxf4 Kb6 50. Kc4 a5 51. Rh4 Ka6 0-1

[Event "18th ECI tournament, Euwe memorial"]
[Site "Eeklo"]
[Date "1991.08.??"]
[Round "3"]
[White "Martens, Martin"]
[Black "Mikhalchishin, Adrian Bogdanovich"]
[Result "1/2-1/2"]
[WhiteElo "2325"]
[BlackElo "2520"]
[BlackTitle "GM"]
[Source "365chess.com"]

1. e4 e5 2. Nf3 Nc6 3. Bb5 a6 4. Ba4 Nf6 5. O-O Be7 6. Re1 b5 7. Bb3 d6 8. c3
O-O 9. d4 Bg4 10. d5 Na5 11. Bc2 c6 12. h3 Bxf3 13. Qxf3 cxd5 14. exd5 Rc8
15. Rd1 g6 16. b3 Nh5 17. a4 b4 18. cxb4 Rxc2 19. bxa5 Qxa5 20. Bd2 Qd8 21. Qd3
1/2-1/2

[Event "18th ECI tournament, Euwe memorial"]
[Site "Eeklo"]
[Date "1991.08.??"]
[Round "3"]
[White "Van Laatum, Gozewijn"]
[Black "Barkhagen, Jonas"]
[Result "0-1"]
[WhiteElo "2390"]
[BlackElo "2360"]
[Source "365chess.com"]

1. d4 Nf6 2. c4 e6 3. Nc3 Bb4 4. g3 c5 5. Nf3 Nc6 6. Bg2 Qa5 7. O-O Bxc3 8. d5
Nd4 9. Nh4 Bb4 10. a3 Qa6 11. axb4 Qxa1 12. Qd3 Qa4 0-1

[Event "18th ECI tournament, Euwe memorial"]
[Site "Eeklo"]
[Date "1991.08.??"]
[Round "4"]
[White "Barkhagen, Jonas"]
[Black "Cardon, Helmut"]
[Result "0-1"]
[WhiteElo "2360"]
[BlackElo "2375"]
[BlackTitle "IM"]
[Source "365chess.com"]

1. d4 Nf6 2. c4 e6 3. Nf3 d5 4. Nc3 Nbd7 5. cxd5 exd5 6. Bg5 Be7 7. e3 O-O
8. Bd3 Re8 9. Qc2 c6 10. h3 Nf8 11. O-O Ng6 12. Bxf6 Bxf6 13. b4 a6 14. a4 Be7
15. b5 Bd6 16. bxc6 bxc6 17. Rfb1 Qf6 18. e4 Nf4 19. e5 Nxh3+ 20. Kf1 Qh6
21. exd6 Nf4 22. Ng1 Qh1 23. f3 Re3 24. Qf2 Rxd3 25. Ne2 Rd2 26. Re1 a5 27. Nxf4
Rxf2+ 28. Kxf2 Qh4+ 29. g3 Qd8 30. Re7 h6 31. Rae1 Qxd6 32. Ngh3 Bxh3 33. Nxh3
Rd8 34. Rb7 Rb8 35. Ree7 Rxb7 36. Rxb7 Qa3 37. g4 Qxa4 38. g5 Qxd4+ 39. Kg3 Qe5+
0-1

[Event "18th ECI tournament, Euwe memorial"]
[Site "Eeklo"]
[Date "1991.08.??"]
[Round "4"]
[White "Berg, Klaus"]
[Black "Van Laatum, Gozewijn"]
[Result "1-0"]
[WhiteElo "2390"]
[WhiteTitle "IM"]
[BlackElo "2390"]
[Source "365chess.com"]

1. d4 Nf6 2. Nf3 e6 3. c4 c5 4. e3 d5 5. cxd5 exd5 6. Bb5+ Nc6 7. O-O a6
8. Bxc6+ bxc6 9. Ne5 Bd7 10. Nc3 Bd6 11. Nxd7 Qxd7 12. dxc5 Bxc5 13. e4 d4
14. e5 Nd5 15. Ne4 Ba7 16. Nd6+ Kf8 17. f4 f5 18. Qd3 g6 19. g4 Bc5 20. gxf5
Bxd6 21. exd6 c5 22. fxg6 hxg6 23. f5 Qxd6 24. fxg6+ Kg8 25. Rf2 Rh4 26. Rg2 Nb6
27. Bg5 c4 28. Qf5 Rf8 29. Qxf8+ Qxf8 30. Bxh4 d3 31. Rf1 Qd6 32. g7 Nd7 33. Be1
d2 34. Bxd2 Qd4+ 35. Kh1 Qd3 36. Re1 Ne5 37. Bc3 1-0

[Event "18th ECI tournament, Euwe memorial"]
[Site "Eeklo"]
[Date "1991.08.??"]
[Round "4"]
[White "King, Daniel John"]
[Black "Martens, Martin"]
[Result "1/2-1/2"]
[WhiteElo "2505"]
[WhiteTitle "GM"]
[BlackElo "2325"]
[Source "365chess.com"]

1. c4 e6 2. Nc3 Bb4 3. Qc2 Nf6 4. a3 Bxc3 5. Qxc3 b6 6. Nf3 Bb7 7. e3 O-O 8. b4
d6 9. Bb2 Nbd7 10. Be2 c5 11. O-O Qe7 12. Qb3 Rac8 13. Rfe1 Rc7 14. b5 Re8
15. a4 e5 16. d4 Bxf3 17. Bxf3 exd4 18. Bc6 Rcc8 19. Qd1 Kf8 20. h3 a5 21. Qd2
Ne4 22. Qc2 Nef6 23. Rad1 Qe6 24. Qc1 Qf5 25. exd4 Rxe1+ 26. Rxe1 cxd4 27. Bxd4
h6 28. g4 Qd3 29. Qf4 Ne5 30. Kg2 Ng6 31. Qxd6+ Kg8 32. Be5 Nh4+ 33. Kh2 Nf3+
34. Bxf3 Qxf3 35. Qd4 Rxc4 36. Qxb6 Rxa4 37. Bxf6 gxf6 38. Re8+ Kg7 39. Qc5 Kh7
40. Qc2+ Kg7 41. Qxa4 Qxf2+ 42. Kh1 Qf1+ 43. Kh2 1/2-1/2

[Event "18th ECI tournament, Euwe memorial"]
[Site "Eeklo"]
[Date "1991.08.??"]
[Round "4"]
[White "Mikhalchishin, Adrian Bogdanovich"]
[Black "Hallebeek, Fred"]
[Result "1/2-1/2"]
[WhiteElo "2520"]
[WhiteTitle "GM"]
[BlackElo "2370"]
[BlackTitle "FM"]
[Source "365chess.com"]

1. d4 Nf6 2. Nf3 g6 3. c4 Bg7 4. Nc3 d5 5. cxd5 Nxd5 6. Bd2 Nxc3 7. Bxc3 c5
8. Rc1 cxd4 9. Nxd4 O-O 10. e3 e5 11. Nb5 Nc6 12. Bc4 a6 13. Nd6 Qe7 14. O-O Rd8
1/2-1/2

[Event "18th ECI tournament, Euwe memorial"]
[Site "Eeklo"]
[Date "1991.08.??"]
[Round "4"]
[White "Petrosian, Arshak Bagrati"]
[Black "Dutreeuw, Marc"]
[Result "1/2-1/2"]
[WhiteElo "2505"]
[WhiteTitle "GM"]
[BlackElo "2410"]
[BlackTitle "FM"]
[Source "365chess.com"]

1. Nf3 Nf6 2. c4 e6 3. g3 d5 4. Bg2 Be7 5. O-O O-O 6. b3 b6 7. Bb2 Bb7 8. e3
Nbd7 9. Nc3 Ne4 10. Ne2 Bf6 11. Bxf6 Nexf6 12. cxd5 Bxd5 13. Nc3 Bb7 14. b4 c5
15. bxc5 Nxc5 16. d4 Nce4 17. Rc1 Nxc3 18. Rxc3 Rc8 19. Rxc8 Qxc8 20. Ne5 Qa8
21. Bxb7 Qxb7 22. Qb1 Rc8 23. Rc1 Nd5 24. Rxc8+ Qxc8 25. Qb5 Nc3 26. Qb4 Qc7
27. Qb3 b5 28. Nd3 Qc4 29. Qxc4 bxc4 30. Nc1 f6 31. Kf1 e5 32. dxe5 fxe5 33. f3
e4 34. f4 Nd5 35. Ke2 Kf7 36. Kd2 c3+ 37. Kc2 Ke6 38. Ne2 Nxe3+ 39. Kxc3 Kd5
40. h3 Nc4 41. Nd4 Nd6 42. g4 g6 43. a4 a5 44. Nb3 Nc4 45. Kc2 Nb6 46. Kd2
1/2-1/2

[Event "18th ECI tournament, Euwe memorial"]
[Site "Eeklo"]
[Date "1991.08.??"]
[Round "5"]
[White "Cardon, Helmut"]
[Black "Berg, Klaus"]
[Result "1/2-1/2"]
[WhiteElo "2375"]
[WhiteTitle "IM"]
[BlackElo "2390"]
[BlackTitle "IM"]
[Source "365chess.com"]

1. d4 Nf6 2. c4 c5 3. d5 b5 4. Nf3 Bb7 5. Nbd2 g6 6. e4 bxc4 7. Qc2 Bg7 8. Nxc4
O-O 9. Bd2 d6 10. Bd3 Ba6 11. O-O Nbd7 12. Rfe1 Qc7 13. Bc3 Bxc4 14. Bxc4 Ng4
15. Bxg7 Kxg7 16. Qc3+ Kg8 17. Nd2 Nge5 18. f4 Nxc4 19. Nxc4 Nb6 20. Ne3 Qd7
21. Rad1 Qa4 22. g3 Qb4 23. Qxb4 1/2-1/2

[Event "18th ECI tournament, Euwe memorial"]
[Site "Eeklo"]
[Date "1981.08.??"]
[Round "5"]
[White "Dutreeuw, Marc"]
[Black "Barkhagen, Jonas"]
[Result "0-1"]
[WhiteElo "2410"]
[WhiteTitle "FM"]
[BlackElo "2360"]
[Source "365chess.com"]

1. e4 e5 2. Nf3 Nc6 3. Bb5 a6 4. Ba4 Nf6 5. O-O Be7 6. Re1 b5 7. Bb3 d6 8. c3
O-O 9. h3 Bb7 10. d4 Nd7 11. a4 Bf6 12. Na3 exd4 13. cxd4 Re8 14. Bf4 Na5
15. Bc2 b4 16. Nb1 g6 17. Nbd2 Nf8 18. e5 Ne6 19. Bg3 Be7 20. Ne4 d5 21. Nf6+
Bxf6 22. exf6 Qxf6 23. Qd2 Nc6 24. Red1 Nexd4 25. Nxd4 Nxd4 26. Qxd4 Re1+
27. Kh2 Qxd4 28. Rxd4 Rxa1 29. Rxb4 Bc8 30. Rd4 Rc1 31. Bd1 Be6 32. b4 Rc4
33. Be5 Rb8 34. Rxc4 dxc4 35. Bc3 Rd8 36. Be2 Bd5 37. Kg3 Re8 38. Bf1 f6 39. f3
Re3 40. Bxf6 Rb3 41. Be7 Kf7 42. Bc5 c3 43. Bd3 Rb2 0-1

[Event "18th ECI tournament, Euwe memorial"]
[Site "Eeklo"]
[Date "1981.08.??"]
[Round "5"]
[White "Hallebeek, Fred"]
[Black "King, Daniel John"]
[Result "0-1"]
[WhiteElo "2370"]
[WhiteTitle "FM"]
[BlackElo "2505"]
[BlackTitle "GM"]
[Source "365chess.com"]

1. e4 c5 2. Nf3 d6 3. d4 cxd4 4. Nxd4 Nf6 5. Nc3 a6 6. Be2 e5 7. Nb3 Be7 8. Be3
Be6 9. O-O O-O 10. a4 Nbd7 11. Qd2 Qc7 12. Rfd1 b6 13. Nc1 Nc5 14. Bf3 Qb7
15. Bg5 h6 16. Bxf6 Bxf6 17. b4 Bg5 18. Qe1 Nd7 19. Nd5 Rfc8 20. c3 Rc4 21. a5
b5 22. g3 Bxd5 23. Rxd5 Be7 24. Nb3 Nf6 25. Rd3 Rac8 26. Bg2 Qc7 27. Rc1 h5
28. Bh3 Rd8 29. Nd2 Rc6 30. Bg2 g6 31. Nf1 Bf8 32. Qd2 Rc8 33. Rc2 Kh7 34. f4
Bh6 35. h3 h4 36. Qe1 Nh5 37. Bf3 Nxg3 38. Nxg3 hxg3 39. f5 Bf4 40. Bg4 Re8
41. Qd1 Kg7 42. Kg2 Qe7 43. Rd5 Rb8 44. Qd3 Rb7 45. Kf3 Rbc7 46. Kg2 Kh6
47. fxg6 fxg6 48. Be2 Qf8 49. Bg4 Rf7 50. Bf3 Rf6 51. Qe2 Rc7 52. Rd3 Qg8
53. Rd5 Rcf7 54. c4 Bg5 55. Rc3 bxc4 56. b5 axb5 57. Rxb5 Qf8 58. a6 Qa8 59. Ra5
Qa7 60. Ra2 Kh7 61. Qe1 d5 62. exd5 e4 63. Qxe4 Rxa6 64. Re2 Ra1 65. Kxg3 Rg1+
66. Rg2 Qc7+ 67. Kf2 Qb6+ 68. Kg3 Bf4+ 69. Kg4 Qf6 0-1

[Event "18th ECI tournament, Euwe memorial"]
[Site "Eeklo"]
[Date "1981.08.??"]
[Round "5"]
[White "Martens, Martin"]
[Black "Petrosian, Arshak Bagrati"]
[Result "1/2-1/2"]
[WhiteElo "2325"]
[BlackElo "2505"]
[BlackTitle "GM"]
[Source "365chess.com"]

1. e4 c5 2. Nf3 d6 3. Bb5+ Bd7 4. Bxd7+ Qxd7 5. c4 Nf6 6. Nc3 Nc6 7. d4 cxd4
8. Nxd4 e6 9. O-O Be7 10. Be3 O-O 11. Qe2 Rfd8 12. Rfd1 b6 13. f3 Rab8 14. Rac1
a6 15. b3 Qb7 16. Qf2 Ne5 17. Kh1 h6 18. Qg3 Kh8 19. Rc2 Ned7 20. Qe1 Rbc8
21. Rcc1 Bf8 22. Bf2 Kg8 23. Be3 Re8 24. Qg3 Kh8 25. Bg1 Rc7 26. Qf2 Rec8
27. Qd2 Kg8 28. Bf2 1/2-1/2

[Event "18th ECI tournament, Euwe memorial"]
[Site "Eeklo"]
[Date "1981.08.??"]
[Round "5"]
[White "Van Laatum, Gozewijn"]
[Black "Mikhalchishin, Adrian Bogdanovich"]
[Result "0-1"]
[WhiteElo "2390"]
[BlackElo "2520"]
[BlackTitle "GM"]
[Source "365chess.com"]

1. c4 c5 2. g3 Nf6 3. Bg2 d5 4. Nf3 Nc6 5. O-O dxc4 6. Na3 g6 7. Nxc4 Bg7 8. d3
Nd5 9. Ng5 O-O 10. Rb1 h6 11. Ne4 b6 12. Bd2 Be6 13. a3 Rc8 14. Qe1 Qd7 15. Nc3
Rfd8 16. Nxd5 Bxd5 17. Bc3 Bxc3 18. Qxc3 Nd4 19. Rfe1 Qe6 20. Bf1 Bb7 21. Qc1
Kg7 22. Nd2 h5 23. h4 Qc6 24. e4 Qf6 25. Bg2 e5 26. Nc4 Qe6 27. Kh2 Rc7 28. f4
exf4 29. Qxf4 Qe7 30. Ne3 Ne6 31. Qe5+ Qf6 32. Qxf6+ Kxf6 33. Nd5+ Bxd5 34. exd5
Nd4 35. Rf1+ Kg7 36. Rbe1 Rcd7 37. Rf4 Nb5 38. b4 cxb4 39. axb4 Nc3 40. Ra1 Re7
41. Rd4 Rd6 42. Rc1 Ne2 43. Re1 Nxd4 44. Rxe7 a6 45. Rc7 Kf6 46. Kg1 Nb5 47. Rc4
a5 48. bxa5 bxa5 49. Rc5 Rb6 50. d6 Nxd6 51. Rxa5 Nf5 52. Kh2 Rb2 53. Kh3 Ne3
54. Bd5 Re2 55. Ra6+ Kg7 56. Bc4 Re1 57. Ra2 Rh1+ 58. Rh2 Rf1 59. Re2 Rf3
60. Kh2 Nf5 61. Rg2 Ne3 62. Ra2 f6 63. Be6 f5 64. d4 Kf6 65. d5 Nc4 66. Bc8 Nd6
67. Bd7 Rd3 68. Be6 Ne4 69. Rg2 g5 70. hxg5+ Kxg5 71. Bf7 Kg4 72. Be6 Re3
73. Bc8 Rc3 74. Be6 Rd3 75. Bf7 Ng5 0-1

[Event "18th ECI tournament, Euwe memorial"]
[Site "Eeklo"]
[Date "1991.08.??"]
[Round "6"]
[White "Berg, Klaus"]
[Black "Dutreeuw, Marc"]
[Result "0-1"]
[WhiteElo "2390"]
[WhiteTitle "IM"]
[BlackElo "2410"]
[BlackTitle "FM"]
[Source "365chess.com"]

1. d4 d5 2. Bg5 h6 3. Bh4 c5 4. Nc3 g5 5. Bg3 Bg7 6. e3 Qa5 7. Qd2 Nf6 8. Nf3
O-O 9. Be2 Nc6 10. h4 g4 11. Ne5 Bf5 12. h5 cxd4 13. exd4 Qb6 14. O-O-O Nb4
15. Qf4 Bxc2 16. Rd2 Bh7 17. Bxg4 Ne4 18. Nxe4 Bxe4 19. Kd1 Nxa2 20. f3 Bh7
21. Ke1 Nc1 22. Bf5 Bxf5 23. Qxf5 Nb3 24. Rd1 Nxd4 25. Qd3 Nc6 26. Nxc6 bxc6
27. Rh4 f5 28. b3 e5 29. Bf2 Qb7 30. Bc5 e4 31. fxe4 fxe4 32. Qe3 Rf7 33. Rg4
Kh7 34. Rg6 Qb5 35. Kd2 Rb7 36. Kc2 Qa5 37. Bd4 Qa2+ 38. Kc1 Rxb3 39. Qxe4 dxe4
0-1

[Event "18th ECI tournament, Euwe memorial"]
[Site "Eeklo"]
[Date "1991.08.??"]
[Round "6"]
[White "King, Daniel John"]
[Black "Van Laatum, Gozewijn"]
[Result "0-1"]
[WhiteElo "2505"]
[WhiteTitle "GM"]
[BlackElo "2390"]
[Source "365chess.com"]

1. c4 g6 2. Nc3 Bg7 3. d4 c5 4. d5 Bxc3+ 5. bxc3 f5 6. d6 Nf6 7. Nh3 b6 8. Bg5
Bb7 9. Bxf6 exf6 10. Nf4 Nc6 11. Nd5 Ne5 12. Nc7+ Kf7 13. e3 Rb8 14. Qd2 Kg7
15. O-O-O Bc6 16. Rg1 Qg8 17. Qe2 Ba4 18. Rd2 b5 19. cxb5 c4 20. Rd5 Nd3+
21. Kd2 Bxb5 22. Rxb5 Rxb5 23. Nxb5 Qd5 24. Nd4 Rb8 25. Qf3 Rb2+ 26. Kd1 Qa5 0-1

[Event "18th ECI tournament, Euwe memorial"]
[Site "Eeklo"]
[Date "1991.08.??"]
[Round "6"]
[White "Martens, Martin"]
[Black "Hallebeek, Fred"]
[Result "1-0"]
[WhiteElo "2325"]
[BlackElo "2370"]
[BlackTitle "FM"]
[Source "365chess.com"]

1. c4 Nf6 2. Nc3 c5 3. g3 e6 4. Nf3 b6 5. Bg2 Bb7 6. O-O Be7 7. b3 O-O 8. Bb2
Qc8 9. Rc1 d6 10. d4 Rd8 11. d5 exd5 12. cxd5 Nbd7 13. e4 b5 14. Nh4 b4 15. Nb1
Ne8 16. Nf5 Bf6 17. Bxf6 1-0

[Event "18th ECI tournament, Euwe memorial"]
[Site "Eeklo"]
[Date "1991.08.??"]
[Round "6"]
[White "Mikhalchishin, Adrian Bogdanovich"]
[Black "Cardon, Helmut"]
[Result "1-0"]
[WhiteElo "2520"]
[WhiteTitle "GM"]
[BlackElo "2375"]
[BlackTitle "IM"]
[Source "365chess.com"]

1. d4 Nf6 2. c4 e6 3. Nc3 d5 4. Nf3 Nbd7 5. e3 Be7 6. Bd3 O-O 7. O-O b6 8. Qe2
Bb7 9. Rd1 Ne4 10. cxd5 exd5 11. Ba6 Nxc3 12. bxc3 Bxa6 13. Qxa6 Bd6 14. c4 c6
15. cxd5 cxd5 16. Ba3 Bxa3 17. Qxa3 Qc7 18. Rac1 Qb7 19. Rc3 b5 20. Qd6 Nf6
21. Rc7 Qb6 22. Rc6 Qa5 23. Ra6 Qc3 24. Ne5 h6 25. h3 Rac8 26. Rxa7 Qb2 27. Qa3
Qe2 28. Qd3 Qb2 29. Qb1 Qe2 30. Re1 Qd2 31. Nf3 Qc2 32. Qxb5 Ne4 33. Qe2 Qxe2
34. Rxe2 Rc1+ 35. Re1 Rc2 36. Ne5 f6 37. Nd3 Rd2 38. Nf4 Rxf2 39. Rc1 Rb8
40. Rcc7 Rb1+ 41. Kh2 1-0